LAWS OF KENYA : CO-OPERATIVE SOCIETIES ACT - CHAPTER 490 (Record no. 215854)

MARC details
000 -LEADER
fixed length control field 00385nam a22001337a 4500
008 - FIXED-LENGTH DATA ELEMENTS--GENERAL INFORMATION
fixed length control field 250708b |||||||| |||| 00| 0 eng d
050 ## - LIBRARY OF CONGRESS CALL NUMBER
Classification number REF KSK 961 .K46 2012
Item number C.1
100 ## - MAIN ENTRY--PERSONAL NAME
Personal name REPUBLIC OF KENYA
245 ## - TITLE STATEMENT
Title LAWS OF KENYA : CO-OPERATIVE SOCIETIES ACT - CHAPTER 490
260 ## - PUBLICATION, DISTRIBUTION, ETC.
Place of publication, distribution, etc. NAIROBI
Name of publisher, distributor, etc. GOVERNMENT PRINTER
Date of publication, distribution, etc. 2012
300 ## - PHYSICAL DESCRIPTION
Extent 81P.
942 ## - ADDED ENTRY ELEMENTS (KOHA)
Source of classification or shelving scheme Library of Congress Classification
Koha item type Reference
Holdings
Withdrawn status Lost status Source of classification or shelving scheme Damaged status Not for loan Collection Home library Current library Shelving location Date acquired Inventory number Total checkouts Full call number Barcode Date last seen Price effective from Koha item type
    Library of Congress Classification     Law Kisii University Library Kisii University Library On Display 07/08/2025 100204   REF KSK 961 .K46 2012 000000015548 07/08/2025 07/08/2025 Reference